Library Banner
Normal view MARC view

Entry Personal Name

Number of records used in: 1

001 - CONTROL NUMBER

  • control field: 3890

003 - CONTROL NUMBER IDENTIFIER

  • control field: PK-LaUMT

005 - DATE AND TIME OF LATEST TRANSACTION

  • control field: 20241227121046.0

008 - FIXED-LENGTH DATA ELEMENTS

  • fixed length control field: 241227|| aca||aabn | a|a d

040 ## - CATALOGING SOURCE

  • Original cataloging agency: PK-LaUMT
  • Transcribing agency: PK-LaUMT

100 ## - HEADING--PERSONAL NAME

  • Personal name: Abdul Haq Zafar Chishti, Muhammad = عبدالحق ظفر چشتی، محمد

670 ## - SOURCE DATA FOUND

  • Source citation: Work cat.: (PK-LaUMT)136429: Abdul Haq Zafar Chishti, Muhammad = عبدالحق ظفر چشتی، محمد, Jismani amraz ke rohani shafakhanay = جسممانی امراض کے روحانی شفا خانے /, 2006